00946 2200169 4500245005000000020001800050250001500068100001700083650002000100005001900120260002700139041001400166084001000180300002900190500054800219336000900767 aPengantar Ilmu PariwisatacOka A. YoetihText a979-404-491-1 aEd. Revisi aOka A. Yoeti aIlmu Pariwisata a20230927093213 aBandungbAngkasac1996 aIndonesia a910.2 axxiii, 348 hlm. :cilus. aBuku ini disusun berdasarkan pengalaman penulis selama mengajar tujuh tahun pada Akademi Industri Pariwisata (AKTRIPA) di Bandung. Dalam buku ini penulis mencoba menguraikan apa dan mengapa pariwisata itu dan dijelaskan pula lebih mendalam konsep pariwisata sebagai suatu industri sejak bentuk dan sifat produk yang dihasilkannya. Selain itu, dijelaskan pula sarana-sarana pokok, sarana penunjang dan pelengkap serta bentuk-bentuk organisasi Kepariwisataan Nasional yang banyak digunakan beberapa negara yang sudah maju industri pariwisatanya. atext